| 000 | 00370nam a2200157Ia 4500 | ||
|---|---|---|---|
| 008 | 210719s1965 xx 000 0 und d | ||
| 041 | _aeng | ||
| 082 | _a551.46 YASO | ||
| 100 | _aYASSO (Warren E) | ||
| 245 | _aOceanography. | ||
| 260 |
_aU S A _bHalt Rinehart & Winston _c1965 |
||
| 300 |
_a176 _bPB |
||
| 365 | _cRs | ||
| 650 | _aGeology | ||
| 906 | _aOceanography | ||
| 999 |
_c213200 _d213200 |
||